Inmunología celular y molecular / (Registro nro. 432)
[ vista simple ]
| 000 -LEADER | |
|---|---|
| fixed length control field | 01069 am a2200301 a 4500 |
| 005 - FECHA ULTIMA MODIFICACION | |
| control field | 20240625081105.0 |
| 008 - CAMPO DE CONTROL (LIBRO) | |
| fixed length control field | 100629s2004||||sp a f |||| 001 0 spa d |
| 020 ## - INTERNATIONAL STANDARD BOOK NUMBER | |
| ISBN | 8481747106 |
| 041 ## - CODIGO DE IDIOMA | |
| Código de idioma del texto/pista de sonido o título separado | spa |
| 092 ## - SIGNATURA TOPOGRAFICA DEWEY LOCAL | |
| número de clasificación | 616.079 |
| libristica | 1 |
| sección | ABB |
| 100 1# - ENTRADA PRINCIPAL--NOMBRE PERSONAL | |
| Nombre personal | Abbas, Abul K. |
| 9 (RLIN) | 49 |
| 245 ## - TITULO PROPIAMENTE DICHO | |
| Título | Inmunología celular y molecular / |
| Mención de responsabilidad y remanente de la transcripción de la portada | Abul K. Abbas |
| 250 ## - MENCION DE EDICION | |
| Mención de edición | 5a ed. en español de la 5a ed. original en inglés |
| Mención de responsabilidad relacionada con la ed. | Revisión Juan Manuel Igez Aznar y Pablo Engel Rocamora |
| 260 ## - PIE DE IMPRENTA | |
| Lugar de publicación, distribución, etc | Madrid: |
| Nombre de la editorial, distribuidor, etc | Elsevier ; Saunders; |
| Fecha de publicación | 2004. |
| 300 ## - DESCRIPCION FISICA | |
| Extension | 563 p. |
| Otros detalles físicos | il. |
| 500 ## - NOTA GENERAL | |
| Nota general | Abbas, A. K. y Lichtman, A. H. (2004). Inmunología celular y molecular. (5a ed.). Madrid : Elsevier ; Saunders. |
| 653 ## - TÉRMINO INDIZADO - PALABRAS CLAVES | |
| Palabra clave | Inmunología |
| 653 ## - TÉRMINO INDIZADO - PALABRAS CLAVES | |
| Palabra clave | Reconocimiento de antígenos |
| 653 ## - TÉRMINO INDIZADO - PALABRAS CLAVES | |
| Palabra clave | Maduración, activación y regulación de los linfocitos |
| 653 ## - TÉRMINO INDIZADO - PALABRAS CLAVES | |
| Palabra clave | Mecanismos efectores de las respuestas inmunitarios |
| 653 ## - TÉRMINO INDIZADO - PALABRAS CLAVES | |
| Palabra clave | Sistema inmunitario de la enfermedad |
| 700 1# - ENTRADAS SECUNDARIAS - NOMBRE PERSONAL | |
| Nombre personal | Lichtman, Andrew H. |
| 9 (RLIN) | 1038 |
| 930 ## - NUMERO DE INVENTARIO | |
| Número de inventario | 1214 |
| 930 ## - NUMERO DE INVENTARIO | |
| Número de inventario | 1459 |
| 930 ## - NUMERO DE INVENTARIO | |
| Número de inventario | 1460 |
| 930 ## - NUMERO DE INVENTARIO | |
| Número de inventario | 1461 |
| 942 ## - ADDED ENTRY ELEMENTS (KOHA) | |
| Source of classification or shelving scheme | Dewey Decimal Classification |
| Item type | Libros |
| Estado de retiro | Existencia | Fuente de clasificación | Estado general | No para prestamo | Colección | Ubicación permanente | ubicación actual | Sala de ubicación | Fecha de adquisición | Total Checkouts | Número de clasificación | Código de barras | Date last seen | Date last borrowed | Número de ejemplar | Price effective from | Koha tipo de elemento (item) | Public note | Total Renewals |
|---|---|---|---|---|---|---|---|---|---|---|---|---|---|---|---|---|---|---|---|
| Dewey Decimal Classification | Reference | Biblioteca Medicina | Biblioteca Medicina | Referencia | 13/05/2011 | 1 | 616.079 1 ABB | 1214 | 06/11/2014 | 09/04/2013 | ej.1 | 19/08/2011 | Reference | LIBRO DE CONSULTA | |||||
| Biblioteca Medicina | Biblioteca Medicina | Circulación | 13/05/2011 | 17 | 616.079 1 ABB | 1459 | 27/03/2024 | 20/03/2024 | ej.2 | 13/05/2011 | Libros | 1 | |||||||
| Biblioteca Medicina | Biblioteca Medicina | Circulación | 13/05/2011 | 16 | 616.079 1 ABB | 1460 | 28/02/2025 | 17/12/2024 | ej.3 | 13/05/2011 | Libros | 2 | |||||||
| Biblioteca Medicina | Biblioteca Medicina | Circulación | 13/05/2011 | 30 | 616.079 1 ABB | 1461 | 28/05/2026 | 21/05/2026 | ej.4 | 13/05/2011 | Libros | 3 |